000 00784nam a2200265 a 4500
005 20210219153253.0
008 991125n 000 0 u
035 _aUPN01000087731
100 _aFrenk, Julio
222 _aFORO UNIVERSITARIO
245 _aEl mercado de trabajo médico: evolución histórica en México: continuación
300 _a15-22
362 _a1981 2a época, no. 03 feb.
653 0 _aDESEMPLEO
653 0 _aEDUCACION MEDIA SUPERIOR
653 0 _aIMSS
653 0 _aINSTITUTO DE SEGURIDAD Y SERVICIOS SOCIALES DE LOS TRABAJADORES DEL ESTADO (MEXICO)
653 0 _aLEXICO
653 0 _aMEDICOS
653 0 _a7. UNAM
700 _aHernandez Llamas, Hector
700 _aAlvarez Klein, Lourdes
904 _aAC
_b025542
905 _aArticulo
999 _c72678
_d72678